Optimalizácia reakčnej sekvencie pre druhý stupeň prietokového reaktora v syntéze prírodných sfingolipidov
Gespeichert in:
| 1. Verfasser: | |
|---|---|
| Weitere Verfasser: | |
| Format: | Manuskript Buch |
| Sprache: | Slowakisch |
| Veröffentlicht: |
2024
|
| Schlagworte: | |
| Online-Zugang: | http://is.stuba.sk/zp/portal_zp.pl?podrobnosti=170248 |
| Tags: |
Keine Tags, Fügen Sie das erste Tag hinzu!
|
MARC
| LEADER | 00000ntm a22000003a 4500 | ||
|---|---|---|---|
| 001 | stuzp99105 | ||
| 003 | SK-STU | ||
| 005 | 20240622210706.1 | ||
| 007 | ta | ||
| 008 | 150427s2015----xo-----f-mn---000-0-slo-d | ||
| 040 | |a STU |b slo | ||
| 041 | 0 | |a slo | |
| 100 | 1 | |a Trnovcová, Dorotea |u 048140 |4 aut |U FCHPT Ústav organickej chémie, katalýzy a petrochémie |T FCHPT Oddelenie organickej chémie |X 116802 |U C8140 |Y 124 |7 116802 | |
| 242 | 0 | 1 | |a Reaction sequence optimization for the second stage of a continuous-flow reactor in the synthesis of natural sphingolipids |y eng |
| 245 | 1 | 0 | |a Optimalizácia reakčnej sekvencie pre druhý stupeň prietokového reaktora v syntéze prírodných sfingolipidov |
| 260 | |c 2024 | ||
| 650 | 4 | |a jaspín B |2 slo | |
| 650 | 4 | |a flow |2 slo | |
| 650 | 4 | |a redukcia |2 slo | |
| 650 | 4 | |a Wittigova reakcia |2 slo | |
| 650 | 4 | |a paládium, karbonylácia |2 slo | |
| 650 | 4 | |a jaspine B |2 eng | |
| 650 | 4 | |a flow |2 eng | |
| 650 | 4 | |a reduction |2 eng | |
| 650 | 4 | |a Wittig reaction |2 eng | |
| 650 | 4 | |a palladium, carbonylation |2 eng | |
| 700 | 1 | |a Koóš, Peter |u 048140 |k Z1 |4 ths |U FCHPT Ústav organickej chémie, katalýzy a petrochémie |T FCHPT Oddelenie organickej chémie |X 42566 |U C8140 |Y 124 |7 A000042566 | |
| 856 | 4 | |u http://is.stuba.sk/zp/portal_zp.pl?podrobnosti=170248 | |